Životospráva pri kolitíde

Bibliographic Details
Main Author: Kusá, Oľga (Author)
Format: Book
Language:Slovak
PhysicalDescription:4 s. 15x10,5 cm.
Published: Bratislava s.n. 1991
Edition:2. vyd.
Subjects:

MARC

LEADER 00000nam a2200000 a 4500
001 vtls001209602
003 SK-MaSNL
005 20260301100300.0
008 250414s1991 xo 0 slo
035 |a SNK000152672 
040 |a SNK  |b slo  |c SNK  |e AACR2 
041 0 |a slo 
044 |a xo  |c SK 
080 |a 616.345.74:613.24-032(041)  |2 1981 
080 |a 613.24-032(041)  |2 1981 
080 |a 613.24-032  |2 1981 
100 1 |a Kusá, Oľga  |4 aut  |9 432855 
245 1 0 |a Životospráva pri kolitíde  |c Oľga Kusá 
250 |a 2. vyd. 
260 |a Bratislava  |b s.n.  |c 1991  |e Bratislava  |f TEOS 
300 |a 4 s.  |c 15x10,5 cm. 
366 |e 10 000 výtl. 
500 |a Zdravotnícka osveta. Nepredajné. 
655 7 |a zdravotnícka osveta  |2 SNK  |9 72803 
852 |a Slovenská národná knižnica 
954 |a choroby črevné  |a kolitída  |a životospráva 
958 |a TL 
999 |c 685804  |d 687734 
952 |t P60, <04>, [BOOK], {604}  |a SNK  |b SNK  |y VYP  |7 0  |p 17A0101659  |o snkOSE 2913 D1  |0 0  |1 0  |4 0  |d 1997-10-06  |l 0  |r 2005-01-01 00:00:00  |w 2026-02-23